Načo sú nám úradníci?

Podrobná bibliografia
Hlavný autor: Pado, Rudolf (Autor)
Médium: Článok
Jazyk:slovenčina
Fyzický popis:Fotogr.
ISSN:1335-7808
Predmet:

MARC

LEADER 00000nab a2200000 a 4500
001 vtls010067517
003 SK-MaSNL
005 20260304183336.0
008 250708c2009 xo |||||||||||000 b|slo
015 |a SNBRB2010/02  |2 snkbucl 
035 |a (uuid)5c0b308e-9a6f-4312-aff7-75e89d5b0b65 
035 |a urn:nbn:sk:snk-ab15oj 
035 |a (urnnbn)urn:nbn:sk:snk:ar-a03nj9 
038 |a SNKBUCL 
040 |a SNKBUCL  |b slo  |c SNKBUCL  |e AACR2 
041 0 |a slo 
044 |a xo  |c SK 
080 |a 35.085:502.17  |x (437.6)  |2 2001 
080 |a 504.5  |2 2001 
080 |a 502.17  |2 2001 
100 1 |a Pado, Rudolf  |4 aut  |9 311011 
245 1 0 |a Načo sú nám úradníci?  |c Rudolf Pado 
300 |b Fotogr. 
650 0 7 |a znečistenie životného prostredia  |2 snkbucl  |9 988 
650 0 7 |a štátne orgány  |2 snkbucl  |9 424243 
650 0 7 |a samospráva  |2 snkbucl  |9 4165 
650 0 7 |a úrady životného prostredia  |2 snkbucl  |9 1430037 
650 0 7 |a byrokracia  |2 snkbucl  |9 17889 
773 0 |t Odpady  |g Roč. 9, č. 11 (2009), s. 30-35  |x 1335-7808 
850 |a Slovenská národná knižnica 
852 |a Slovenská národná knižnica 
954 |a odborná, vedecká literatúra pôvodná (slovenská)  |2 lita 
958 |a article2022 
958 |a SK 
958 |a OND 
958 |a EUIPO 
999 |c 3034411  |d 3036341